Normal view MARC view
  • SNELL,ROB

Entry Personal Name

Number of records used in: 1

001 - CONTROL NUMBER

  • control field: 133790

003 - CONTROL NUMBER IDENTIFIER

  • control field: NUST

005 - DATE AND TIME OF LATEST TRANSACTION

  • control field: 20260331123110.0

008 - FIXED-LENGTH DATA ELEMENTS

  • fixed length control field: 260331|| aca||aabn | a|a d

040 ## - CATALOGING SOURCE

  • Original cataloging agency: NUST
  • Transcribing agency: NUST

100 ## - HEADING--PERSONAL NAME

  • Personal name: SNELL,ROB

670 ## - SOURCE DATA FOUND

  • Source citation: Work cat.: (NUST): SNELL,ROB., STARTING A YAHOO BUSINESS FOR DUMMIES /, 2006.
© 2023 Central Library, National University of Sciences and Technology. All Rights Reserved.